Strzelcy Premier League w klubach 2006/07 - Statystyki

Ogólne statystyki
  • Ten quiz został rozwiązany 15 razy
  • Średni wynik to 6 z 20
Statystyki odpowiedzi
Klub Narodowość # Nazwisko % Poprawnych
Manchester United Portugalia 17 Cristiano Ronaldo
100%
Chelsea WKS 20 Didier Drogba
93%
Arsenal Holandia 11 Robin van Persie
80%
Tottenham Hotspur Bułgaria 12 Dimitar Berbatov
73%
Liverpool Holandia 12 Dirk Kuyt
60%
Bolton Wanderers Francja 11 Nicolas Anelka
47%
Charlton Athletic Anglia 13 Darren Bent
33%
Wigan Athletic Anglia 8 Emile Heskey
20%
Middlesbrough Australia 14 Mark Viduka
20%
Portsmouth Nigeria 10 Nwankwo Kanu
13%
Fulham USA 9 Brian McBride
7%
Aston Villa Anglia 9 Gabriel Agbonlahor
7%
Everton Anglia 11 Andy Johnson
0%
Blackburn Rovers RPA 18 Benni McCarthy
0%
West Ham United Anglia 11 Bobby Zamora
0%
Watford Algieria 5 Hamer Bouazza
0%
Manchester City Anglia 6 Joey Barton
0%
Reading Irlandia 13 Kevin Doyle
0%
Newcastle United Nigeria 11 Obafemi Martins
0%
Sheffield United Anglia 8 Rob Hulse
0%
Nie znaleziono quizów pasujących do podanych kryteriów
Rozkład punktacji
Procent ludzi z każdym wynikiem
Percentyl według liczby udzielonych odpowiedzi
Twoja historia wyników
Nie rozwiązałeś tego quizu